Captain Pepper' s pets / (Record no. 22528)

MARC details
000 -BAŞLIK
Sabit Uzunluktaki Kontrol Alanı 00664nam a22002057a 4500
003 - KONTROL NUMARASI KİMLİĞİ
Kontrol Alanı koha_MIRAKIL
005 - EN SON İŞLEM TARİHİ ve ZAMANI
Kontrol Alanı 20250611135553.0
008 - SABİT UZUNLUKTAKİ VERİ ÖGELERİ - GENEL BİLGİ
Sabit Alan 250611b eng||||| |||| 00| 0 eng d
020 ## - ISBN - ULUSLARARASI STANDART KİTAP NUMARASI
Isbn 9781447222156
040 ## - KATALOGLAMA KAYNAĞI
Özgün Kataloglama Kurumu TR-IsEVY
Kataloglama Dili tur
Çeviri Kurumu TR-IsEVY
082 ## - DEWEY ONU SINIFLAMA SİSTEMİ
Sınıflama Numarası 420 GRI/C
100 ## - KİŞİ ADI
Yazar Adı (Kişi adı) Grindley, Sally
245 #4 - ESER ADI BİLDİRİMİ
Başlık Captain Pepper' s pets /
Sorumluluk Bildirimi Sally Grindley ; illustrated David Parkins.
260 ## - YAYIN, DAĞITIM, VB.
Yayın Yeri London :
Yayınevi Macmillan Children's Books,
Yayın Tarihi 2002.
300 ## - FİZİKSEL TANIMLAMA
Sayfa, Cilt vb. 46 p. :
Diğer fiziki detaylar colour pictures. ;
Boyutları 21 cm.
490 0# - DİZİ BİLDİRİMİ
Dizi Bildirimi I am reading.
650 ## - KONU BAŞLIĞI EK GİRİŞ - KONU TERİMİ
Konusal terim veya coğrafi ad English Education.
Alt başlık biçimi Children's literature.
Genel Alt Konu Reading Books.
700 1# - EK GİRİŞ - KİŞİ ADI
Yazar Adı (Kişi adı) Parkins, David.
Ünvan illustrated.
942 ## - EK GİRİŞ ÖGELERİ (KOHA)
Source of classification or shelving scheme Dewey Decimal Classification
Koha item type Kitap
Holdings
Kayıp Durumu Sınıflandırma Kaynağı Hasarlı Durumu Koleksiyon Kodu Kalıcı Konum Mevcut Konum Kayıt Tarih Edinim Kaynağı Toplam Ödünçverme Yer Numarası Demirbaş Numarası Son Görülme Tarihi Fatura Tarihi Materyal Türü
  Dewey Decimal Classification   İlkokul İLKOKUL KÜTÜPHANESİ İLKOKUL KÜTÜPHANESİ 11/06/2025 Bağış   420 GRI/C 23879 11/06/2025 11/06/2025 Kitap